000 00332nam a22001337a 4500
020 _qPB.
040 _cFIZZA ISHAQ
082 _a631.27
_bRIC
100 _aKUBIK, RICHARD.
_990170
245 _aFARM FENCES AND GATES /
_cRICHARD KUBIK.
260 _aNEW YORK ;
_bVOYAGEUR PRESS,
_c2007.
300 _a176 P. ;
942 _2ddc
_cBK
999 _c588533
_d588533